| 000 | 00393nam a2200157Ia 4500 | ||
|---|---|---|---|
| 008 | 230718s9999 xx 000 0 und d | ||
| 041 | _aeng | ||
| 082 |
_a621.388 _bDHA |
||
| 100 | _aDhake A.M. | ||
| 245 | _aTelevision And Video Engineering | ||
| 260 |
_c1995 _bTata McGraw-Hill |
||
| 300 | _a646 | ||
| 365 |
_cRs. _b120.00 |
||
| 700 | _aDhake A.M. | ||
| 906 |
_dB:47402-Jan-1996 _cETC _b18 |
||
| 999 |
_c294598 _d294598 |
||